|
|
|
|
| LEADER |
00812nam a22002537a 4500 |
| 001 |
AAL2791 |
| 003 |
BD-DhAAL |
| 005 |
20151230181025.0 |
| 008 |
151229m19901996uk a|||| |||| 00| 0 eng d |
| 020 |
|
|
|a 058205401X
|
| 020 |
|
|
|a 058205205x
|
| 040 |
|
|
|a BD-DhAAL
|c BD-DhAAL
|
| 082 |
|
|
|a 420
|
| 100 |
|
|
|a Dallas, Donald
|9 17048
|
| 245 |
|
|
|a Let's learn English /
|c Donald Dallas and Margaret Iggulden
|
| 260 |
|
|
|a Harlow :
|b Longman,
|c 1990.
|
| 300 |
|
|
|a 174 p. :
|b ill. ;
|c 26 cm.
|
| 490 |
|
|
|a Longman E.L.T. for the Arab world
|
| 541 |
|
|
|e 2791
|
| 650 |
|
|
|a English language
|9 17049
|
| 700 |
|
|
|a Iggulden, Margaret
|9 17050
|
| 942 |
|
|
|2 ddc
|c BK
|
| 999 |
|
|
|c 36472
|d 36472
|
| 952 |
|
|
|0 0
|1 0
|2 ddc
|4 0
|6 420_000000000000000_DAL
|7 0
|9 57420
|a SCL
|b SCL
|c GEN
|d 2015-12-30
|l 0
|o 420 DAL
|p 3020002791
|r 2015-12-30
|t 1
|w 2015-12-30
|y BK
|